000 00444cam a2200157ua 4500
003 OSt
008 211223b ||||| |||| 00| 0 eng d
082 _a028.79 551
_bBAS/WA
100 _aBasak, P .
_95135
245 0 0 _aWater atlas of Kerala /
260 _aKerala :
_bCenter for water resources development and management ,
_c1995.
300 _a82 ; .
650 _aAtas
_95143
856 _uhttp://14.139.181.140/water/index.htm
942 _cBK
999 _c397
_d397